000
00336nam a2200157Ia 4500
100
_a
Rai/ K.S./ Sarao/N.S.
250
_a
4
942
_c
BK
654
_a
Applied
245
_a
Applied Thermodynamics
260
_b
Satya Prakashan
_a
New york
_c
1982
082
_a
621.4021
_b
SAR
300
_a
681
546
_a
ENGLISH
999
_c
31152
_d
31152